Soundings in critical theory

Αποθηκεύτηκε σε:
Λεπτομέρειες βιβλιογραφικής εγγραφής
Κύριος συγγραφέας: LaCapra, Dominick 1939-
Μορφή: Βιβλίο
Γλώσσα:English
Δημοσίευση: Ithaca : Cornell University Press, 1989
Θέματα:
Ετικέτες: Προσθήκη ετικέτας
Δεν υπάρχουν, Καταχωρήστε ετικέτα πρώτοι!

MARC

LEADER 00000nam a2200000 i 4500
001 1/8905
008 961212s1989 eng d
020 |a 0-8014-9572-5 
035 |l 10017275 
040 |a GR-MY-UA  |b gre  |e aacr 
041 0 |a eng 
082 0 |a 801.950904 
100 1 |a LaCapra, Dominick  |d 1939- 
245 1 0 |a Soundings in critical theory /  |c Dominick LaCapra 
260 |a Ithaca :   |b Cornell University Press,   |c 1989 
300 |a 213 p. 
504 |a Includes index 
650 0 0 |a Criticism  |x History  |y 20th century. 
650 0 0 |a Literature  |x History and criticism  |x Theory, etc. 
650 0 0 |a Literature, Modern  |y 20th century  |x History and criticism. 
852 |a INST  |b LESVOS  |e 19961212  |h 801.950904 LAC  |p 005100008801  |q 005100008801  |t BK  |y 0 
909 |a Λ  |b 035318